Medzinárodná hospodárska spolupráca a dane. 2

Metódy zamedzenia dvojakého zdanenia. Znenie vnútroštátnych ustanovení pre vylúčenie dvojakého zdanenia a príklad ustanovení v medzinárodných zmluvách. Formy zápočtu dane. Metóda plného zápočtu. Metóda jednoduchého zápočtu. Ilustrácia obchodných metód na príkladoch. Metóda vyňatia - metóda plného vy...

ver descrição completa

Na minha lista:
Detalhes bibliográficos
Autor principal: Makarová, M.
Formato: Capítulo de Livro
Idioma:eslovaco
Assuntos:
Tags: Adicionar Tag
Sem tags, seja o primeiro a adicionar uma tag!

MARC

LEADER 00000naa a2200000 4500
001 r022444
005 20221213095430.3
041 0 |a slo 
044 |a SK 
245 1 0 |a Medzinárodná hospodárska spolupráca a dane. 2  |c M. Makarová 
520 |a Metódy zamedzenia dvojakého zdanenia. Znenie vnútroštátnych ustanovení pre vylúčenie dvojakého zdanenia a príklad ustanovení v medzinárodných zmluvách. Formy zápočtu dane. Metóda plného zápočtu. Metóda jednoduchého zápočtu. Ilustrácia obchodných metód na príkladoch. Metóda vyňatia - metóda plného vyňatia, vyňatie s progresiou. 
610 2 0 |a spolupráca hospodárska medzinárodná 
610 2 0 |a zdanenie dvojité 
610 2 0 |a dane 
610 2 0 |a dane z príjmov 
610 2 0 |a zmluvy medzinárodné 
610 2 0 |a politika daňová 
100 1 |a Makarová, M.